书目信息 |
| 题名: |
鲁迅的文学道路
|
|
| 作者: | 冯雪峰 著 | |
| 分册: | ||
| 出版信息: | 长沙 湖南人民出版社 1980 |
|
| 页数: | 272页 | |
| 开本: | 21cm | |
| 丛书名: | ||
| 单 册: | ||
| 中图分类: | I210.96 | |
| 科图分类: | ||
| 主题词: | 学习鲁迅--文集 | |
| 电子资源: | ||
| ISBN: | ||
| 000 | 00670nam0 2200241 45 | |
| 001 | 0180008416 | |
| 005 | 20070728085544.21 | |
| 010 | @dCNY0.87 | |
| 091 | @a10109.1224 | |
| 100 | @a19950509d1980 emky0chiy0121 ea | |
| 101 | 0 | @achi |
| 102 | @aCN@b430000 | |
| 105 | @ay z 000zd | |
| 200 | 10 | @a鲁迅的文学道路@Alu xun de wen xue dao lu@e论文集@ELun Wen Ji@f冯雪峰著@FFeng Xue Feng Zhu |
| 210 | @a长沙@c湖南人民出版社@d1980 | |
| 215 | @a272页@d21cm | |
| 517 | @a论文集@ALun Wen Ji | |
| 606 | @a学习鲁迅@x文集 | |
| 690 | @aI210.96@v3 | |
| 701 | 0 | @a冯雪峰@4著 |
| 801 | 2 | @aCN@bNLC@c20070728 |
| 801 | 0 | @aCN@b上海图书馆@c20040414 |
| 905 | @dI210.96@e13@b24446@f1 | |
| 鲁迅的文学道路:论文集/冯雪峰著.-长沙:湖南人民出版社,1980 |
| 272页;21cm |
| ISBN :CNY0.87 |
| ● |
| 相关链接 |
|
|
|
|
正题名:鲁迅的文学道路
索取号:I210.96/13
 
预约/预借
| 序号 | 登录号 | 条形码 | 馆藏地/架位号 | 状态 | 备注 |
| 1 | 0024446 | 002021797 | 第二借阅区/ [索取号:I210.96/13] | 在馆 | |
| 2 | 0786615 | 207866157 | 密集书库/ [索取号:I210.96/13] | 在馆 |